| 000 | 00000nam##2200000za#4500 |
| 001 | 9.575705 |
| 003 | CaOODSP |
| 005 | 20210624184806 |
| 007 | cr ||||||||||| |
| 008 | 150406|2009||||xxc|||||o f|0| 0 eng|d |
| 040 | |aCaOODSP|beng |
| 043 | |an-cn--- |
| 086 | 1 |aTU3-5/09-5E-PDF |
| 110 | 2 |aTransportation Safety Board of Canada. |
| 245 | 10|aIn-flight fire - Ultra Helicopters Limited, Bell 204B (Helicopter), C-GAPJ, Easterville, Manitoba, 15 June 2009 |h[electronic resource] |
| 260 | |aGatineau - Quebec : |bTransportation Safety Board of Canada |c[2009]. |
| 300 | |a9p.|bcoloured illus. |
| 490 | 1 |aAviation investigation report |vA09C0087 |
| 590 | |a13-06-Supp|b2013-03-19 |
| 775 | 08|tIncendie en vol de l'hélicoptère Bell 204B, C-GAPJ exploité par Ultra Hélicopters Limited à Easterville (Manitoba), le 15 juin 2009 |w(CaOODSP)9.605178 |
| 830 | #0|aAviation investigation report ;|vA09C0087|w(CaOODSP)9.504825 |
| 856 | 40|ahttp://publications.gc.ca|qPDF|s1016 KB|uhttps://publications.gc.ca/collections/collection_2013/bst-tsb/TU3-5-09-5-eng.pdf|yA09C0087 |